[Event "?"]
[Site "?"]
[Date "2004.04.01"]
[Round "11.34"]
[White "Muzychuk, A."]
[Black "Vasiliev, O."]
[Result "1-0"]
[WhiteElo "2367"]
[BlackElo "2156"]
[PlyCount "151"]
[EventDate "2004.03.21"]

1. f4 d5 2. Nf3 Nf6 3. g3 g6 4. Bg2 Bg7 5. O-O c6 6. d3 Bg4 7. Qe1 Qb6+ 8. Kh1
d4 9. Nbd2 Bxf3 10. Bxf3 Nd5 11. Nc4 Qc7 12. e4 dxe3 13. c3 O-O 14. Nxe3 e6 15.
Bd2 Nd7 16. Rd1 Rad8 17. Bc1 Nc5 18. d4 Na4 19. Qf2 b5 20. Bg2 Qb6 21. Qc2 Qc7
22. c4 Nb4 23. Qb3 c5 24. dxc5 Na6 25. cxb5 N6xc5 26. Qc2 Qa5 27. Bc6 a6 28.
bxa6 Qxa6 29. Bf3 Rde8 30. Qg2 Rb8 31. b3 Nc3 32. Rd2 Rfd8 33. Rc2 Nd3 34. Be2
Qa7 35. Bxd3 Rxd3 36. Nc4 Rbd8 37. Bb2 Qd7 38. h3 h5 39. h4 Qd4 40. Rfc1 Rd1+
41. Kh2 Rxc1 42. Rxc1 Qd3 43. Bxc3 Bxc3 44. Qc2 Bb4 45. Qxd3 Rxd3 46. Kg2 f6
47. a3 Be7 48. Rb1 g5 49. hxg5 fxg5 50. fxg5 Rc3 51. a4 Kg7 52. a5 Kg6 53. Ra1
Rxb3 54. a6 Bc5 55. a7 Bxa7 56. Rxa7 Kxg5 57. Ra5+ Kg6 58. Ne5+ Kh6 59. Nf3
Rb2+ 60. Kh3 Rb3 61. Nd4 Re3 62. Ra6 Kg5 63. Nxe6+ Kf5 64. Ng7+ Kg5 65. Ra5+
Kg6 66. Nxh5 Re1 67. Nf4+ Kf6 68. Kg4 Re8 69. Rf5+ Kg7 70. Kg5 Ra8 71. g4 Rb8
72. Ne6+ Kh7 73. Rf7+ Kg8 74. Rf8+ Kh7 75. Kf6 Rb6 76. g5 1-0

[Event "?"]
[Site "?"]
[Date "2004.04.01"]
[Round "11.35"]
[White "Jiretorn, E."]
[Black "Lagvilava, G."]
[Result "0-1"]
[WhiteElo "2154"]
[BlackElo "2302"]
[PlyCount "98"]
[EventDate "2004.03.21"]

1. d4 f5 2. c4 Nf6 3. g3 g6 4. Bg2 Bg7 5. Nc3 O-O 6. Nf3 d6 7. O-O c6 8. d5 e5
9. dxe6 Bxe6 10. b3 Na6 11. Ng5 Qe7 12. Bb2 Rad8 13. Qc2 Bc8 14. Rae1 Nc5 15.
b4 Ne6 16. Nxe6 Bxe6 17. b5 Rc8 18. bxc6 bxc6 19. e4 Qf7 20. exf5 Bxf5 21. Ne4
Nxe4 22. Bxe4 Be6 23. Bxg7 Kxg7 24. Rc1 Qf6 25. Rb1 Rf7 26. Rfd1 d5 27. Bd3
dxc4 28. Be4 Rcf8 29. f4 Qe7 30. Qc3+ Kg8 31. Qd4 c3 32. Rbc1 Bg4 33. Re1 Rd8
34. Qxc3 Qd6 35. Qxc6 Qd4+ 36. Kh1 Qd2 37. Qc2 Kg7 38. Qc3+ Qxc3 39. Rxc3 Re7
40. Rce3 Rd2 41. a4 Kf6 42. Bc6 Rc7 43. Bf3 Bxf3+ 44. Rxf3 Rcc2 45. Rfe3 Rxh2+
46. Kg1 Kf5 47. Re7 Kg4 48. Rd7 Rcg2+ 49. Kf1 Kf3 0-1

[Event "?"]
[Site "?"]
[Date "2004.04.01"]
[Round "11.37"]
[White "Fuchs, A."]
[Black "Mamedjarova, T."]
[Result "0-1"]
[WhiteElo "2099"]
[BlackElo "2229"]
[PlyCount "112"]
[EventDate "2004.03.21"]

1. Nf3 d5 2. d4 Nf6 3. g3 g6 4. Bg2 Bg7 5. O-O O-O 6. Re1 b6 7. c4 Bb7 8. cxd5
Nxd5 9. e4 Nf6 10. Nc3 e6 11. Bf4 c5 12. dxc5 Qxd1 13. Raxd1 bxc5 14. Nb5 Na6
15. Nd6 Bc6 16. Ne5 Be8 17. Nec4 Nb4 18. Rd2 Nxa2 19. Be3 Nb4 20. Bxc5 Na6 21.
Bd4 Rd8 22. Ra1 Nc7 23. Rxa7 Nb5 24. Bxf6 Bxf6 25. Nxe8 Rfxe8 26. Rdd7 Rxd7 27.
Rxd7 Bd4 28. Na3 Nxa3 29. Rxd4 Nb5 30. Rd7 Rc8 31. Bf1 Nc7 32. f4 Kf8 33. Kf2
Ke8 34. Rd2 Rb8 35. Bc4 Na8 36. g4 Rb4 37. Bd3 Nb6 38. g5 Na4 39. b3 Nc5 40.
Bc4 Nxe4+ 41. Ke3 Nxd2 42. Kxd2 Kd7 43. Ke3 Kd6 44. Kd4 Rb8 45. Ke4 Ra8 46. h4
Ra1 47. Kf3 Kc5 48. h5 Kd4 49. hxg6 hxg6 50. f5 gxf5 51. g6 fxg6 52. Bxe6 Ke5
53. Bc4 g5 54. Be2 Rb1 55. Bc4 Rc1 56. Bg8 Rc3+ 0-1

[Event "?"]
[Site "?"]
[Date "2004.04.01"]
[Round "11.39"]
[White "Krivec, J."]
[Black "Bakalarz, G."]
[Result "1-0"]
[WhiteElo "2301"]
[BlackElo "2082"]
[PlyCount "83"]
[EventDate "2004.03.21"]

1. e4 c5 2. Nf3 e6 3. d4 cxd4 4. Nxd4 Nf6 5. Nc3 Nc6 6. Ndb5 d6 7. Bf4 e5 8.
Bg5 a6 9. Na3 Be6 10. Nc4 Rc8 11. Bxf6 gxf6 12. Ne3 Ne7 13. Qf3 Qa5 14. Rd1 Qb4
15. Qxf6 Ng6 16. Bd3 Be7 17. Qf3 Nf4 18. O-O Qxb2 19. Ncd5 Bxd5 20. Nxd5 Nxd5
21. exd5 Qc3 22. Qh5 h6 23. Bf5 Rc7 24. f4 e4 25. Rfe1 Bf6 26. Rxe4+ Re7 27.
Qe2 Rxe4 28. Qxe4+ Kd8 29. Qa4 Qc5+ 30. Kh1 Kc7 31. Qd7+ Kb8 32. Qxf7 Bd8 33.
Rb1 Bb6 34. h3 h5 35. Bd3 Ka7 36. f5 Qd4 37. Qe6 Qf4 38. Rf1 Qg3 39. Rf3 Qg5
40. f6 Rg8 41. Bf1 Rg6 42. Qf5 1-0

[Event "?"]
[Site "?"]
[Date "2004.04.01"]
[Round "11.40"]
[White "Andersson, C."]
[Black "Topel, Z."]
[Result "1-0"]
[WhiteElo "2196"]
[BlackElo "2056"]
[PlyCount "89"]
[EventDate "2004.03.21"]

1. e4 c6 2. Nc3 d5 3. Qf3 e6 4. d4 dxe4 5. Qxe4 Nf6 6. Qh4 Be7 7. Bg5 Nd5 8.
Bxe7 Qxe7 9. Qxe7+ Kxe7 10. Nxd5+ cxd5 11. Nf3 Nd7 12. h4 Nb6 13. h5 h6 14. Ne5
Rd8 15. Bd3 Bd7 16. Rh3 Rac8 17. Rg3 Kf8 18. O-O-O Rc7 19. Re1 a6 20. Ree3 Rdc8
21. c3 Bb5 22. Bxb5 axb5 23. a3 Nc4 24. Nxc4 Rxc4 25. Kd2 R4c6 26. Rg4 R8c7 27.
Reg3 f6 28. Re3 Re7 29. f4 Kf7 30. Re2 Rcc7 31. Rg3 Rcd7 32. Rge3 g5 33. hxg6+
Kxg6 34. g4 Rd6 35. Kc2 f5 36. gxf5+ Kxf5 37. Rh3 Kxf4 38. Rxh6 Rc6 39. Rf6+
Kg5 40. Rf1 Kh4 41. Rg1 Kh3 42. Re5 Kh4 43. Reg5 Rc8 44. Rg6 Kh5 45. R6g2 1-0

[Event "?"]
[Site "?"]
[Date "2004.04.01"]
[Round "11.41"]
[White "Dimovski, A."]
[Black "Hamelink, D."]
[Result "0-1"]
[WhiteElo "2111"]
[BlackElo "2185"]
[PlyCount "60"]
[EventDate "2004.03.21"]

1. e4 c5 2. Nf3 d6 3. d4 cxd4 4. Nxd4 Nf6 5. Nc3 a6 6. Bc4 e6 7. a4 g6 8. O-O
Bg7 9. Bb3 O-O 10. Be3 Bd7 11. a5 Nc6 12. Nxc6 Bxc6 13. f3 Qe7 14. Qe2 Nd7 15.
Na4 Rfe8 16. Qd2 Nc5 17. Qb4 Nxb3 18. Qxb3 d5 19. exd5 exd5 20. Bf2 d4 21. Rad1
Rad8 22. Nb6 Qg5 23. Nc4 Bb5 24. Rfe1 Qc5 25. Nd2 Qc6 26. Ne4 Ba4 27. Qb4 Bxc2
28. Bxd4 Bxd1 29. Rxd1 Rxe4 30. fxe4 Qxe4 0-1

[Event "?"]
[Site "?"]
[Date "2004.04.01"]
[Round "11.42"]
[White "Skibbe, D."]
[Black "Lauterbach, I."]
[Result "1-0"]
[WhiteElo "2094"]
[BlackElo "2171"]
[PlyCount "81"]
[EventDate "2004.03.21"]

1. e4 c5 2. Nf3 d6 3. d4 cxd4 4. Nxd4 Nf6 5. Nc3 a6 6. g3 e5 7. Nb3 Be6 8. Bg2
Be7 9. O-O Nbd7 10. Kh1 Rc8 11. f4 b5 12. Nd5 Bg4 13. Qd3 Nxd5 14. exd5 g6 15.
c3 Bf5 16. Qe2 h5 17. h3 f6 18. Be3 Nb6 19. Bxb6 Qxb6 20. fxe5 fxe5 21. Rae1
Qc7 22. Kh2 Bg5 23. Nd4 h4 24. g4 Bd7 25. Qe4 Rg8 26. Qf3 Kd8 27. Qf7 Re8 28.
Qxg6 Be7 29. Nc6+ Bxc6 30. dxc6 Qb6 31. Qe4 Qc5 32. Rf7 Rc7 33. Ref1 Kc8 34. g5
Kb8 35. g6 Bd8 36. g7 Ka7 37. Rxc7+ Bxc7 38. Rf7 Kb6 39. Rxc7 Kxc7 40. g8=Q
Rxg8 41. Qh7+ 1-0

[Event "?"]
[Site "?"]
[Date "2004.04.01"]
[Round "11.43"]
[White "Seps, M."]
[Black "Vogel, H."]
[Result "0-1"]
[WhiteElo "2078"]
[BlackElo "2152"]
[PlyCount "66"]
[EventDate "2004.03.21"]

1. e4 d5 2. exd5 Nf6 3. Nf3 Nxd5 4. d4 Bg4 5. Be2 e6 6. O-O Nc6 7. Re1 Bd6 8.
c4 Nf4 9. Bxf4 Bxf4 10. d5 Ne7 11. Qd4 Bxf3 12. Bxf3 e5 13. Qc3 O-O 14. Nd2 f5
15. Rad1 Ng6 16. g3 Bg5 17. Bh5 e4 18. Bxg6 hxg6 19. Nb3 Bf6 20. Qb4 Bxb2 21.
Nc5 Qd6 22. Rb1 Be5 23. Nxb7 Qxb4 24. Rxb4 Bc3 25. Reb1 Bxb4 26. Rxb4 f4 27.
gxf4 Rxf4 28. c5 a5 29. Rd4 Rb8 30. c6 Rbf8 31. Rd2 Rg4+ 32. Kh1 e3 33. Rd1 e2
0-1

[Event "?"]
[Site "?"]
[Date "2004.04.01"]
[Round "11.44"]
[White "Meissner, C."]
[Black "Grossmann, S."]
[Result "1-0"]
[WhiteElo "2146"]
[BlackElo "1977"]
[PlyCount "133"]
[EventDate "2004.03.21"]

1. d4 g6 2. Nf3 Bg7 3. g3 d6 4. Bg2 Nc6 5. d5 Nb4 6. c3 Na6 7. O-O Nf6 8. Re1
O-O 9. e4 e6 10. dxe6 Bxe6 11. Nd4 Bc8 12. c4 Re8 13. Nc3 Nc5 14. h3 c6 15. Nb3
Nxb3 16. axb3 Be6 17. Be3 Qd7 18. Kh2 b6 19. Qd2 Rad8 20. Red1 Nh5 21. Ra6 Qe7
22. Rda1 Rd7 23. g4 Nf6 24. Bg5 h6 25. Bxh6 Bxh6 26. Qxh6 Bxg4 27. Qe3 Rc7 28.
b4 Bc8 29. R6a4 Nh5 30. Kg1 Be6 31. b3 Rd8 32. Ne2 d5 33. exd5 cxd5 34. Nd4 Nf6
35. Nb5 Rcd7 36. Nxa7 dxc4 37. Nc6 Rd1+ 38. Bf1 Qd7 39. Nxd8 Rxa1 40. Rxa1 Qxd8
41. Bxc4 Bf5 42. Re1 Kf8 43. Qe5 Bxh3 44. Qh2 Qd7 45. Ra1 Kg7 46. Qg3 Nh5 47.
Qh4 b5 48. Bf1 Be6 49. Be2 Nf6 50. Ra8 Ne8 51. Qd8 Qc6 52. Bf1 Qf3 53. Qd4+ Nf6
54. Bg2 Qxb3 55. Qh4 Qd1+ 56. Bf1 Nh5 57. Rd8 Qf3 58. Rd3 Qf5 59. Qd4+ Nf6 60.
Bg2 Bc4 61. Rf3 Qg5 62. Qf4 Qxf4 63. Rxf4 Nd7 64. Bf1 Ne5 65. Bxc4 Nxc4 66. Kf1
g5 67. Rxc4 1-0

[Event "?"]
[Site "?"]
[Date "2004.04.01"]
[Round "11.45"]
[White "Schulz, S."]
[Black "Lopatin, O."]
[Result "0-1"]
[WhiteElo "2079"]
[BlackElo "2116"]
[PlyCount "84"]
[EventDate "2004.03.21"]

1. e4 c5 2. d3 Nc6 3. g3 b5 4. Be3 Qb6 5. Bg2 Bb7 6. f4 e6 7. Nf3 Nf6 8. h3 d5
9. e5 Nd7 10. O-O Be7 11. Qe2 a5 12. Nbd2 h6 13. c3 O-O 14. d4 b4 15. Rfc1 Rfc8
16. Qf2 cxd4 17. Nxd4 Nxd4 18. Bxd4 Bc5 19. Nf3 Rab8 20. Qd2 Ba6 21. Kf2 bxc3
22. bxc3 Qc6 23. Rab1 Ba3 24. Rd1 Nc5 25. Ne1 Na4 26. Nc2 Bc5 27. Ne3 Bxd4 28.
cxd4 Nc3 29. Rxb8 Nxd1+ 30. Nxd1 Rxb8 31. Bf3 a4 32. Be2 a3 33. Bxa6 Qxa6 34.
Qc3 Qa4 35. Ke2 Rb4 36. Ke3 Rc4 37. Qd3 Qb4 38. g4 Qe1+ 39. Qe2 Qxe2+ 40. Kxe2
Rc2+ 41. Kd3 Rxa2 42. Kc3 Rd2 0-1

[Event "?"]
[Site "?"]
[Date "2004.04.01"]
[Round "11.46"]
[White "Karahaliou, E."]
[Black "Ozturk, K."]
[Result "1-0"]
[WhiteElo "2132"]
[BlackElo "1957"]
[PlyCount "69"]
[EventDate "2004.03.21"]

1. e4 e5 2. Nf3 Nc6 3. Bb5 Nf6 4. O-O Nxe4 5. d4 Nd6 6. Ba4 e4 7. Re1 Be7 8.
Ne5 O-O 9. Nc3 Nf5 10. Rxe4 Nfxd4 11. Nxc6 Nxc6 12. Nd5 Bc5 13. Qh5 Re8 14. Bg5
Rxe4 15. Bxd8 Re5 16. Qd1 Nxd8 17. Nxc7 Rb8 18. Nd5 d6 19. b4 b5 20. bxc5 bxa4
21. cxd6 Bd7 22. c4 a3 23. Qd3 Nc6 24. Qxa3 a5 25. Qg3 Kf8 26. Ne7 f6 27. Nxc6
Bxc6 28. Qc3 a4 29. h3 Rg5 30. f3 Re5 31. Re1 Rg5 32. Kf2 h5 33. Re2 Rc8 34.
Qd4 Bd7 35. Qa7 1-0

[Event "?"]
[Site "?"]
[Date "2004.04.01"]
[Round "11.47"]
[White "Apanaviciute, K."]
[Black "Roelli, C."]
[Result "1/2-1/2"]
[WhiteElo "2041"]
[BlackElo "2020"]
[PlyCount "106"]
[EventDate "2004.03.21"]

1. e4 c5 2. Nc3 Nc6 3. g3 g6 4. Bg2 Bg7 5. d3 d6 6. Nge2 e6 7. Be3 Nge7 8. Qd2
Nd4 9. O-O Qa5 10. Rfe1 Nec6 11. a3 Rb8 12. Rac1 b5 13. Bh6 O-O 14. Bxg7 Kxg7
15. f4 b4 16. axb4 cxb4 17. Nd1 Qb6 18. Ne3 Ba6 19. Kh1 Bb5 20. Nxd4 Qxd4 21.
f5 Qxb2 22. Ng4 Kh8 23. Rf1 Ne5 24. Qg5 Nxg4 25. Qxg4 Qf6 26. fxg6 Qxg6 27. Qh4
f6 28. Ra1 Qg7 29. Rf4 b3 30. cxb3 Bxd3 31. Rg4 Qc7 32. Qh6 Rf7 33. Rc1 Qa5 34.
h3 Qd8 35. Rc3 Be2 36. Rh4 Bd1 37. Qg6 Rg7 38. Qh6 Rxb3 39. Rxb3 Bxb3 40. Qe3
Bc2 41. Qd2 Qc7 42. Qf4 Qd8 43. Qd2 Rc7 44. Kh2 Ba4 45. e5 Rc2 46. Qh6 Qe7 47.
exf6 Rxg2+ 48. Kxg2 Qb7+ 49. Kf2 Qb2+ 50. Kg1 Qb1+ 51. Kf2 Qc2+ 52. Ke1 Qd1+
53. Kf2 Qc2+ 1/2-1/2

[Event "?"]
[Site "?"]
[Date "2004.04.01"]
[Round "11.49"]
[White "Cinar, N."]
[Black "Cavusoglu, Y."]
[Result "1-0"]
[WhiteElo "2092"]
[BlackElo "2013"]
[PlyCount "63"]
[EventDate "2004.03.21"]

1. e4 c6 2. d4 d5 3. Nc3 dxe4 4. Nxe4 Bf5 5. Ng3 Bg6 6. Bc4 e6 7. N1e2 Nf6 8.
Nf4 Nd5 9. Nxg6 hxg6 10. c3 Nd7 11. Qf3 Qf6 12. Qe2 Nf4 13. Qf3 Nd5 14. Qd1 Qd8
15. Qe2 Be7 16. Bd2 N7f6 17. O-O-O Qc7 18. Bb3 O-O-O 19. Kb1 Kb8 20. c4 Nf4 21.
Qf3 N4h5 22. Ne2 g5 23. Bxg5 Ne8 24. Be3 Nhf6 25. Rc1 Qa5 26. Rhd1 Qh5 27. Qxh5
Rxh5 28. h3 Bd6 29. Rd3 Bc7 30. Rcd1 Bb6 31. Nc3 Nd6 32. c5 1-0

[Event "?"]
[Site "?"]
[Date "2004.04.01"]
[Round "11.51"]
[White "Hafenstein, A."]
[Black "Acar, G."]
[Result "1-0"]
[WhiteElo "2051"]
[BlackElo "1888"]
[PlyCount "99"]
[EventDate "2004.03.21"]

1. e4 c6 2. g3 d5 3. Bg2 dxe4 4. Bxe4 Nf6 5. Bg2 Bf5 6. d3 e6 7. Ne2 Be7 8. O-O
O-O 9. a3 Qc7 10. Nbc3 Nbd7 11. Bg5 h6 12. Be3 Nd5 13. Nxd5 exd5 14. f3 Rfe8
15. Qd2 Bf6 16. Nd4 Bg6 17. Bf2 c5 18. Nb5 Qb6 19. Nc3 Bxc3 20. bxc3 Qd6 21.
Rfe1 f6 22. Rxe8+ Rxe8 23. Re1 Rxe1+ 24. Qxe1 Kf8 25. Qb1 Qb6 26. Qa2 Bf7 27.
a4 Qd6 28. a5 Ke7 29. f4 b6 30. axb6 axb6 31. Qa8 Nf8 32. Bh3 Be6 33. f5 Bd7
34. g4 Qc6 35. Qa2 Qb7 36. Qa3 Bc6 37. Bf1 Qa8 38. Qc1 Qe8 39. d4 Nd7 40. Qb2
Kf7 41. Bg2 Qe2 42. h3 h5 43. Qa2 c4 44. Qa3 Qd1+ 45. Kh2 Qxc2 46. Bg3 Qe2 47.
Qd6 Ba4 48. Qxd5+ Ke7 49. Bd6+ Ke8 50. Qa8+ 1-0

[Event "?"]
[Site "?"]
[Date "2004.04.01"]
[Round "11.52"]
[White "Bayrak, A."]
[Black "Horn, E."]
[Result "0-1"]
[WhiteElo "1898"]
[BlackElo "2051"]
[PlyCount "60"]
[EventDate "2004.03.21"]

1. e4 e5 2. Nf3 Nc6 3. Bc4 Nf6 4. d3 Be7 5. Nbd2 O-O 6. Nf1 d5 7. exd5 Nxd5 8.
Ng3 Bg4 9. h3 Bxf3 10. Qxf3 Ndb4 11. Qd1 Nd4 12. c3 Nbc2+ 13. Kf1 Nxa1 14. cxd4
c6 15. Nf5 b5 16. Qg4 g6 17. Nh6+ Kg7 18. Nf5+ Kh8 19. Nxe7 Qxe7 20. Bb3 Nxb3
21. axb3 exd4 22. Qxd4+ f6 23. Be3 a5 24. Qc3 Qe6 25. g3 Qd5 26. Rg1 Qf3 27.
Ke1 Rfe8 28. Rf1 Rad8 29. d4 c5 30. d5 Rxd5 0-1

[Event "?"]
[Site "?"]
[Date "2004.04.02"]
[Round "12.2"]
[White "Fosior, C."]
[Black "Peng, Z."]
[Result "0-1"]
[WhiteElo "2404"]
[BlackElo "2419"]
[PlyCount "112"]
[EventDate "2004.03.21"]

1. c4 e5 2. g3 Nc6 3. Bg2 Nf6 4. a3 a5 5. Nc3 Bc5 6. e3 d6 7. Nge2 O-O 8. d4
Ba7 9. O-O Bf5 10. h3 Re8 11. d5 Nb8 12. g4 Bd7 13. Ng3 h6 14. e4 Nh7 15. Nf5
Bxf5 16. exf5 Nd7 17. Ne4 Bd4 18. Qb3 Ra7 19. Qg3 Nc5 20. Kh1 a4 21. h4 Qd7 22.
Nxc5 dxc5 23. Be4 Nf6 24. f3 Ra6 25. g5 Nh5 26. Qg4 Nf4 27. Bxf4 exf4 28. Qxf4
Qd6 29. Qg4 Rb6 30. Rab1 h5 31. Qh3 Qf4 32. Rfe1 Rb3 33. Bc2 Rbe3 34. Rxe3 Rxe3
35. f6 g6 36. Rf1 Kh7 37. Bd1 Be5 38. Kg2 Rd3 39. Be2 Rd2 40. Rf2 Rxb2 41. Bf1
Rb3 42. Kg1 Bd4 43. Kg2 Bxf2 44. Kxf2 Rb2+ 45. Kg1 Qe3+ 46. Kh1 Qf2 47. Bg2
Qe1+ 48. Kh2 Qe5+ 49. Kg1 Rb1+ 50. Bf1 Ra1 51. Qg2 Rxa3 52. Qf2 Ra1 53. Kg2 b6
54. Bd3 Qe1 55. Qc2 Qh1+ 56. Kf2 Ra2 0-1

[Event "?"]
[Site "?"]
[Date "2004.04.02"]
[Round "12.3"]
[White "Zhukova, N."]
[Black "Slavina, I."]
[Result "1/2-1/2"]
[WhiteElo "2462"]
[BlackElo "2413"]
[PlyCount "95"]
[EventDate "2004.03.21"]

1. c4 f5 2. d4 Nf6 3. Nf3 g6 4. g3 Bg7 5. b4 O-O 6. Bb2 d6 7. Bg2 c5 8. bxc5
dxc5 9. e3 Ne4 10. O-O Nc6 11. Nbd2 Qa5 12. Nb3 Qa4 13. Qe2 Na5 14. Nxa5 Qxa5
15. Rfd1 Rb8 16. h4 b5 17. Ng5 Nxg5 18. hxg5 Be6 19. d5 Bxb2 20. Qxb2 Bf7 21.
Qe5 Rfe8 22. Bf3 bxc4 23. Kg2 Qb6 24. Qf4 Red8 25. Qxc4 Qb4 26. Rac1 Qxc4 27.
Rxc4 Rbc8 28. a3 Rd6 29. g4 Ra6 30. Rc3 c4 31. Kg3 Ra5 32. Rd4 Rd8 33. gxf5
gxf5 34. Rcxc4 Rxa3 35. Ra4 Rxa4 36. Rxa4 Bxd5 37. Rxa7 Bxf3 38. Kxf3 Kf7 39.
Kf4 Rd2 40. f3 Rd5 41. Ra6 e6 42. Ra7+ Kg6 43. Re7 e5+ 44. Rxe5 Rxe5 45. Kxe5
Kxg5 46. f4+ Kg4 47. e4 fxe4 48. Kxe4 1/2-1/2

[Event "?"]
[Site "?"]
[Date "2004.04.02"]
[Round "12.4"]
[White "Stefanova, A."]
[Black "Paehtz, E."]
[Result "1-0"]
[WhiteElo "2478"]
[BlackElo "2399"]
[PlyCount "63"]
[EventDate "2004.03.21"]

1. d4 g6 2. e4 Bg7 3. Nc3 d6 4. Be3 a6 5. f4 b5 6. Bd3 Bb7 7. Nf3 Nd7 8. e5 e6
9. a4 b4 10. Ne4 Nb6 11. a5 Nd5 12. Bd2 f5 13. exf6 Ngxf6 14. Neg5 Qd7 15. O-O
O-O 16. Qe2 Bc8 17. Rae1 Re8 18. Qf2 Bh8 19. Qh4 Rb8 20. Re2 c6 21. Ne5 dxe5
22. fxe5 Bb7 23. exf6 Bxf6 24. Qg4 Re7 25. Nxe6 Kh8 26. Bc4 Bg7 27. Qg3 Rbe8
28. Nxg7 Rxe2 29. Nxe8 Rxe8 30. Bh6 Kg8 31. Qe5 Bc8 32. Qf6 1-0

[Event "?"]
[Site "?"]
[Date "2004.04.02"]
[Round "12.7"]
[White "Khurtsidze, N."]
[Black "Kovalevskaya, E."]
[Result "1-0"]
[WhiteElo "2411"]
[BlackElo "2451"]
[PlyCount "115"]
[EventDate "2004.03.21"]

1. d4 d5 2. c4 dxc4 3. Nf3 Nf6 4. e3 g6 5. Bxc4 Bg7 6. O-O O-O 7. Nc3 Ne8 8. h3
Nd6 9. Bb3 b5 10. Bd5 c6 11. Bb3 Nd7 12. e4 b4 13. Na4 Nxe4 14. Qe1 Ndf6 15.
Qxb4 a5 16. Qa3 Ba6 17. Re1 Qd6 18. Nc5 Nxc5 19. Qxc5 Qxc5 20. dxc5 Nd7 21.
Rxe7 Nxc5 22. Be3 Bxb2 23. Rb1 Ba3 24. Bh6 Nxb3 25. Bxf8 Kxf8 26. Re3 a4 27.
axb3 Bc5 28. Re5 Bd6 29. Ra5 a3 30. b4 Bb7 31. Rxa8+ Bxa8 32. Rb3 c5 33. bxc5
a2 34. Ra3 Bxf3 35. cxd6 Bd5 36. g4 Ke8 37. Ra7 Kd8 38. g5 Kc8 39. d7+ Kd8 40.
Kh2 Be6 41. Kg3 Ke7 42. h4 Bxd7 43. Rxa2 Kf8 44. h5 gxh5 45. Kh4 Bg4 46. Ra3
Kg7 47. f3 Bf5 48. Kxh5 Bg6+ 49. Kg4 h6 50. gxh6+ Kxh6 51. Ra6 Kg7 52. Kg5 Bd3
53. Rb6 Bc2 54. f4 f5 55. Rb7+ Kf8 56. Kf6 Kg8 57. Rg7+ Kh8 58. Rg5 1-0

[Event "?"]
[Site "?"]
[Date "2004.04.02"]
[Round "12.8"]
[White "Zimina, O."]
[Black "Radziewicz, I."]
[Result "1-0"]
[WhiteElo "2408"]
[BlackElo "2442"]
[PlyCount "101"]
[EventDate "2004.03.21"]

1. e4 e6 2. d4 d5 3. Nd2 Nf6 4. e5 Nfd7 5. f4 c5 6. c3 cxd4 7. cxd4 Nc6 8. Ndf3
f5 9. Bd3 Be7 10. Ne2 Nb6 11. O-O O-O 12. h3 a5 13. g4 a4 14. Rf2 Nb4 15. Bb1
Bd7 16. gxf5 exf5 17. Ng3 Rc8 18. a3 Nc6 19. Qe1 Be6 20. Be3 Nc4 21. Bd3 b5 22.
Ng5 Bxg5 23. fxg5 g6 24. Rd1 f4 25. Bxf4 Nxb2 26. Rxb2 Rxf4 27. Qe3 Qxg5 28.
Rf2 Rg4 29. Qxg5 Rxg5 30. Kh2 Nxd4 31. Rf4 Nf5 32. h4 Nxh4 33. Rxh4 Rc3 34. Ne2
Rxa3 35. Nd4 Rg4 36. Rxg4 Bxg4 37. Rd2 b4 38. Kg3 Bf5 39. Nxf5 gxf5 40. Kf4
Rxd3 41. Rxd3 b3 42. e6 b2 43. Rd1 Kf8 44. Ke5 Ke7 45. Rg1 a3 46. Rg7+ Kf8 47.
Kf6 b1=Q 48. e7+ Ke8 49. Rg8+ Kd7 50. e8=Q+ Kd6 51. Qe7+ 1-0

[Event "?"]
[Site "?"]
[Date "2004.04.02"]
[Round "12.9"]
[White "Chasovnikova, E."]
[Black "Arakhamia-Grant, K."]
[Result "0-1"]
[WhiteElo "2277"]
[BlackElo "2435"]
[PlyCount "116"]
[EventDate "2004.03.21"]

1. Nf3 Nf6 2. c4 c5 3. Nc3 g6 4. e4 d6 5. d4 cxd4 6. Nxd4 Bg7 7. Be2 O-O 8. O-O
Nc6 9. Nc2 a6 10. Re1 Rb8 11. Bg5 h6 12. Bh4 Nd7 13. Ne3 Nd4 14. Bf1 b5 15.
cxb5 axb5 16. Ncd5 g5 17. Bg3 e6 18. Bxd6 exd5 19. Nxd5 Bb7 20. Bc7 Qe8 21.
Bxb8 Nxb8 22. e5 Bxd5 23. Qxd4 Ba8 24. Qg4 Nc6 25. Bd3 Qe6 26. Qxe6 fxe6 27.
Bxb5 Nxe5 28. Rac1 Bd5 29. a4 Ng4 30. Re2 Bd4 31. Rcc2 Bb3 32. Rcd2 e5 33. h3
Nf6 34. Rd3 Bd5 35. Kh2 Nh5 36. g3 Rc8 37. Rxe5 Bxe5 38. Rxd5 Bxb2 39. h4 Nf6
40. Rf5 g4 41. a5 Kg7 42. a6 Bd4 43. Rf4 Ba7 44. Be2 h5 45. Kg2 Rc2 46. Bd3 Rd2
47. Bc4 Be3 48. Rf5 Kg6 49. Be6 Ne4 50. Rf8 Bxf2 51. Bf5+ Kg7 52. Rc8 Be3+ 53.
Kf1 Rf2+ 54. Ke1 Rxf5 55. Re8 Bf2+ 56. Kd1 Nxg3 57. Re7+ Rf7 58. Re5 Nf5 0-1

[Event "?"]
[Site "?"]
[Date "2004.04.02"]
[Round "12.10"]
[White "Houska, J."]
[Black "Gaponenko, I."]
[Result "1-0"]
[WhiteElo "2370"]
[BlackElo "2430"]
[PlyCount "95"]
[EventDate "2004.03.21"]

1. e4 c5 2. Nf3 d6 3. c3 Nf6 4. Be2 g6 5. O-O Bg7 6. Bb5+ Nbd7 7. Re1 O-O 8. d4
e5 9. dxe5 dxe5 10. a4 Qc7 11. Na3 Rd8 12. Qc2 Nf8 13. Bf1 Bg4 14. Nd2 a6 15.
Ndc4 b6 16. Be3 Rab8 17. f3 Bd7 18. a5 b5 19. Nb6 Ne6 20. Qf2 Bf8 21. Nc2 Bc6
22. b4 Nd7 23. Nxd7 Rxd7 24. bxc5 Bb7 25. c4 bxc4 26. Bxc4 Nxc5 27. Qe2 Rc8 28.
Rec1 Qd8 29. Ne1 Qe7 30. h3 Qd8 31. Kh2 h5 32. Rcb1 Rdc7 33. Rb6 Qh4 34. Rxg6+
Kh8 35. Bg5 Qxe1 36. Bf6+ Kh7 37. Rxe1 fxg6 38. Bxe5 Rd7 39. Rd1 Rcd8 40. Rxd7+
Rxd7 41. Qb2 Be7 42. Qa2 Bd8 43. Bg8+ Kh6 44. Bd5 Bxd5 45. exd5 Kh7 46. Qc4 Nb7
47. Qc6 Rf7 48. Qe8 1-0

[Event "?"]
[Site "?"]
[Date "2004.04.02"]
[Round "12.11"]
[White "Socko, M."]
[Black "Lomineishvili, M."]
[Result "1-0"]
[WhiteElo "2415"]
[BlackElo "2397"]
[PlyCount "59"]
[EventDate "2004.03.21"]

1. g3 e5 2. Bg2 Nc6 3. d3 g6 4. Nf3 Bg7 5. O-O d5 6. Nbd2 Nge7 7. Rb1 O-O 8. e4
h6 9. b4 dxe4 10. dxe4 Be6 11. a4 a5 12. b5 Nd4 13. Ne1 Bd7 14. c3 Ne6 15. Nc4
Nc8 16. Nd3 f6 17. f4 Nb6 18. Nxb6 cxb6 19. f5 Nc7 20. Be3 Ne8 21. Nb2 Qc7 22.
Qd5+ Kh7 23. Nc4 Rc8 24. Nxb6 Rd8 25. Rfd1 Qxc3 26. Rb3 Qc2 27. Re1 Qa2 28.
fxg6+ Kxg6 29. Rd3 Bh3 30. Qxa2 1-0

[Event "?"]
[Site "?"]
[Date "2004.04.02"]
[Round "12.12"]
[White "Zaiatz, E."]
[Black "Zielinska, M."]
[Result "1/2-1/2"]
[WhiteElo "2333"]
[BlackElo "2414"]
[PlyCount "97"]
[EventDate "2004.03.21"]

1. d4 e6 2. c4 Bb4+ 3. Bd2 Qe7 4. g3 f5 5. Bg2 Nf6 6. Bxb4 Qxb4+ 7. Qd2 Qxc4 8.
Nc3 Nc6 9. Nf3 O-O 10. Rc1 Qb4 11. O-O Qe7 12. Qf4 d6 13. e4 fxe4 14. Nxe4 Nd5
15. Qd2 Bd7 16. Rfe1 Rae8 17. Nc3 Nxc3 18. Rxc3 Qf6 19. b4 a6 20. a4 Rc8 21.
Rd3 Nd8 22. Ng5 h6 23. Ne4 Qg6 24. Nc3 Kh8 25. Be4 Qe8 26. Rde3 Bxa4 27. Bb1
Bd7 28. Qd3 g6 29. Re4 Kg7 30. h4 h5 31. g4 hxg4 32. Rxg4 Rf5 33. Qxf5 exf5 34.
Rxe8 Bxe8 35. Bxf5 Rb8 36. h5 g5 37. Rxg5+ Kh6 38. Rg3 Bxh5 39. Ne4 Nc6 40. Rh3
Rg8+ 41. Ng3 Rg5 42. Be4 Nxd4 43. Kf1 d5 44. Bd3 Ne6 45. Nf5+ Kg6 46. Ng3+ Kh6
47. Nf5+ Kg6 48. Ng3+ Kh6 49. Nf5+ 1/2-1/2

[Event "?"]
[Site "?"]
[Date "2004.04.02"]
[Round "12.13"]
[White "Sharevich, A."]
[Black "Alexandrova, O."]
[Result "0-1"]
[WhiteElo "2236"]
[BlackElo "2437"]
[PlyCount "152"]
[EventDate "2004.03.21"]

1. d4 Nf6 2. g3 d5 3. Nf3 Bg4 4. Ne5 Bf5 5. Bg2 c6 6. O-O e6 7. c4 Nbd7 8. Nxd7
Qxd7 9. b3 Be7 10. Bb2 O-O 11. Nd2 a5 12. a3 Rfd8 13. f3 c5 14. e3 a4 15. Qe2
Bc2 16. bxa4 Bxa4 17. Qf2 Rdc8 18. Rfc1 b6 19. g4 cxd4 20. Bxd4 Bc5 21. Bxc5
bxc5 22. g5 Ne8 23. f4 d4 24. e4 Nd6 25. Bf1 Rcb8 26. Bd3 Rb2 27. Qe1 e5 28. f5
f6 29. Nf3 Bc6 30. Nd2 fxg5 31. Rcb1 Rab8 32. Qc1 Rxb1 33. Rxb1 Rxb1 34. Qxb1
Qb7 35. Qxb7 Bxb7 36. a4 Ba6 37. a5 Kf7 38. Kf2 Ke7 39. Kg3 Ne8 40. Nf3 Kf6 41.
Nd2 Nd6 42. h4 gxh4+ 43. Kxh4 Ke7 44. Kh5 Ne8 45. Nf3 Nf6+ 46. Kh4 Kd6 47. Ng5
Kc6 48. Nf7 Nd7 49. Ng5 Nf6 50. Nf7 Bb7 51. Nxe5+ Kc7 52. Kg3 Bxe4 53. Bxe4
Nxe4+ 54. Kf4 Nf6 55. Nd3 Nd7 56. Ke4 Kc6 57. Nf4 Nf6+ 58. Kd3 h5 59. Ng6 Kb7
60. Ke2 Ka6 61. Kf3 Kxa5 62. Ke2 Kb4 63. Kd3 Ng4 64. Nf4 h4 65. Nd5+ Kb3 66.
Nf4 Ne5+ 67. Ke4 Nxc4 68. Ne6 Kb4 69. Nf4 Nd6+ 70. Ke5 Nf7+ 71. Ke4 Ng5+ 72.
Kd3 h3 73. Ne2 h2 74. Ng3 Kb3 75. Nh1 c4+ 76. Kxd4 c3 0-1